000
00184 a2200097 4500
020
_a
9789992467145
041
_a
spa
100
_a
Ortega Reyes, Oviedo
245
_a
Mis Ojos
942
_c
BK
999
_c
4970
_d
4970